Kai Mosam Guzar Gai Muj Par (Record no. 321816)

000 -LEADER
fixed length control field 00306 a2200121 4500
001 - CONTROL NUMBER
control field 86743
003 - CONTROL NUMBER IDENTIFIER
control field NUST
005 - DATE AND TIME OF LATEST TRANSACTION
control field 20180123112615.0
008 - FIXED-LENGTH DATA ELEMENTS--GENERAL INFORMATION
fixed length control field 180123b xxu||||| |||| 00| 0 eng d
082 ## - DEWEY DECIMAL CLASSIFICATION NUMBER
Classification number 891.4391 AZH
100 ## - MAIN ENTRY--PERSONAL NAME
Personal name Muhammad Izhar-ul-Haq
9 (RLIN) 9602
245 ## - TITLE STATEMENT
Title Kai Mosam Guzar Gai Muj Par
Medium Urdu
260 ## - PUBLICATION, DISTRIBUTION, ETC.
Place of publication, distribution, etc. Lahore
Name of publisher, distributor, etc. Doost Publications
Date of publication, distribution, etc. 2012
300 ## - PHYSICAL DESCRIPTION
Extent 456p.
942 ## - ADDED ENTRY ELEMENTS (KOHA)
Institution code [OBSOLETE] CAE NUST
Koha item type Book
Call number prefix 891.4391 AZH
Source of classification or shelving scheme
Holdings
Withdrawn status Lost status Damaged status Not for loan Collection code Permanent Location Current Location Date acquired Total Checkouts Full call number Barcode Date last seen Price effective from Koha item type
          College of Aeronautical Engineering (CAE) College of Aeronautical Engineering (CAE) 04/03/2017   891.4391 AZH CAE85652 04/05/2017 04/05/2017 Book
© 2023 Central Library, National University of Sciences and Technology. All Rights Reserved.